[Event "Knighthood Blitz"]
[Site "Vishy Anand Arena"]
[Date "2020.08.01"]
[Round "4"]
[White "Toosieslide"]
[Black "Gamechanger"]
[Result "0-1"]
[WhiteElo "1989"]
[BlackElo "2112"]
[PlyCount "148"]
[EventDate "2020.08.01"]
[EventType "swiss (blitz)"]

1. d4 d6 2. c4 e5 3. Nc3 exd4 4. Qxd4 Nc6 5. Qd2 g6 6. b3 Bg7 7. Bb2 Nge7 8. Nf3 O-O 9. g3 Be6 10. Bg2 Qd7 11. O-O Bh3 12. Rad1 Bxg2 13. Kxg2 Rad8 14. e4 Rfe8 15. Rfe1 Qc8 16. Nd5 Nxd5 17. Bxg7 Nf4+ 18. Qxf4 Kxg7 19. Nd4 Nxd4 20. Rxd4 Re5 21. Qd2 Rde8 22. f4 R5e7 23. Qc3 f6 24. c5 dxc5 25. Qxc5 b6 26. Qc3 Qb7 27. Qf3 c5 28. Rc4 Rd8 29. Re2 Rd1 30. Rc3 Rd4 31. e5 Qxf3+ 32. Rxf3 fxe5 33. fxe5 Rd5 34. Rfe3 Kf7 35. e6+ Ke8 36. Rf2 Rd6 37. Rfe2 Rc7 38. Kf3 Ke7 39. Kf4 h6 40. g4 Rcc6 41. h4 Rxe6 42. Rxe6+ Rxe6 43. Rd2 Rd6 44. Re2+ Kf6 45. g5+ hxg5+ 46. hxg5+ Kf7 47. Rh2 Ke6 48. Re2+ Kd5 49. Re7 a5 50. Rb7 Re6 51. Rd7+ Kc6 52. Rf7 b5 53. Rf6 Kd5 54. Rf7 c4 55. Rd7+ Kc5 56. Rc7+ Kb4 57. bxc4 bxc4 58. Rb7+ Ka3 59. Rc7 Kb4 60. Rb7+ Kc3 61. Rc7 Rb6 62. Rd7 Kb2 63. Ke5 c3 64. Rc7 c2 65. Ke4 c1=Q 66. Rxc1 Kxc1 67. Ke5 Kb2 68. Kf4 Kxa2 69. Ke5 Kb3 70. Kd4 a4 71. Ke4 a3 72. Ke5 a2 73. Kf4 a1=Q 74. Kg4 Qa4+ 0-1

[Event "Knighthood Blitz"]
[Site "Vishy Anand Arena"]
[Date "2020.08.01"]
[Round "4"]
[White "michaelraj_98"]
[Black "Indian-Lion"]
[Result "0-1"]
[WhiteElo "1980"]
[BlackElo "2430"]
[Annotator "NA"]
[PlyCount "98"]
[EventDate "2020.08.01"]
[EventType "swiss (blitz)"]

1. e4 e6 2. d4 d5 3. exd5 exd5 4. Nf3 Nf6 5. Bd3 Bd6 6. O-O O-O 7. Bg5 h6 8. Bh4 c5 9. c3 Nc6 10. dxc5 Bxc5 11. Nbd2 Bg4 12. h3 Bh5 13. Qc2 Qd6 14. g4 Bg6 15. Bxg6 fxg6 16. Qxg6 Ne7 17. Qd3 g5 18. b4 Bb6 19. Nc4 Qc6 20. Nxb6 Qxb6 21. Bg3 Ne4 22. Kg2 Rac8 23. Rac1 Qa6 24. Qd4 Rc4 25. Qe3 Ng6 26. Ne5 Nxe5 27. Bxe5 Qxa2 28. Rcd1 Rc6 29. Qd4 Rxc3 30. Qxd5+ Qxd5 31. Rxd5 Rc2 32. Rd7 Rcxf2+ 33. Rxf2 Rxf2+ 34. Kg1 Ra2 35. Rxb7 Nf2 36. Rg7+ Kf8 37. Rh7 Nxh3+ 38. Kf1 Nf4 39. Bxf4 gxf4 40. Rxh6 Kg7 41. Rd6 f3 42. Rd3 f2 43. Rf3 Rb2 44. Rf4 Kg6 45. Rc4 Kg5 46. Rc7 Ra2 47. Rg7+ Kf4 48. Rf7+ Kg3 49. Rd7 Ra1+ 0-1

[Event "Knighthood Blitz"]
[Site "Vishy Anand Arena"]
[Date "2020.08.01"]
[Round "4"]
[White "Suyash45"]
[Black "divyang2003"]
[Result "1-0"]
[WhiteElo "1979"]
[BlackElo "1487"]
[Annotator "NA"]
[PlyCount "59"]
[EventDate "2020.08.01"]
[EventType "swiss (blitz)"]

1. e4 e5 2. Nf3 Nc6 3. Bb5 d6 4. d4 exd4 5. Nxd4 Bd7 6. O-O Nf6 7. Re1 Be7 8. Nc3 O-O 9. Nf5 Bxf5 10. exf5 Qd7 11. Qf3 a6 12. Bxc6 bxc6 13. Bg5 Rfe8 14. Re2 h6 15. Bh4 Nh7 16. Bxe7 Rxe7 17. Rxe7 Qxe7 18. Qxc6 Re8 19. h3 Ng5 20. Qxa6 Qe5 21. Qb5 Qe7 22. a4 Rd8 23. a5 Nh7 24. a6 Nf6 25. a7 Ra8 26. Qb7 Qe8 27. Nb5 Qd8 28. Nxc7 Nd7 29. Qxa8 Qxa8 30. Nxa8 1-0

[Event "Knighthood Blitz"]
[Site "Vishy Anand Arena"]
[Date "2020.08.01"]
[Round "4"]
[White "DarkKnight8750"]
[Black "Rasulov Vugar"]
[Result "0-1"]
[WhiteElo "1977"]
[BlackElo "2467"]
[Annotator "NA"]
[PlyCount "68"]
[EventDate "2020.08.01"]
[EventType "swiss (blitz)"]

1. e4 c5 2. Nc3 e6 3. f4 d5 4. Nf3 Nc6 5. d3 g6 6. g3 Bg7 7. Bg2 Nge7 8. O-O O-O 9. Qe1 Rb8 10. Qf2 Nd4 11. Nd1 b5 12. c3 Nxf3+ 13. Qxf3 d4 14. cxd4 cxd4 15. Nf2 Bb7 16. g4 f5 17. gxf5 gxf5 18. Nh3 h6 19. Bd2 Rc8 20. Rfc1 fxe4 21. dxe4 d3 22. Qg4 Qd7 23. Bc3 Rf7 24. Rd1 b4 25. Bxb4 Qd4+ 26. Nf2 Qxb4 27. Qxe6 d2 28. e5 Bxg2 29. Kxg2 Qxf4 30. Ng4 Rc6 31. Qd7 Rg6 32. h3 h5 33. Rxd2 hxg4 34. Qe8+ Bf8 0-1

[Event "Knighthood Blitz"]
[Site "Vishy Anand Arena"]
[Date "2020.08.01"]
[Round "4"]
[White "BIGIL"]
[Black "Maiuddhavhoon"]
[Result "1-0"]
[WhiteElo "1965"]
[BlackElo "1058"]
[PlyCount "51"]
[EventDate "2020.08.01"]
[EventType "swiss (blitz)"]

1. e4 e5 2. Nf3 Nf6 3. Bc4 Nc6 4. d3 d6 5. Ng5 Qe7 6. Nxf7 Rg8 7. Ng5 h6 8. Bxg8 hxg5 9. Bb3 b6 10. Bxg5 Bb7 11. Nc3 Na5 12. Nd5 Bxd5 13. Bxd5 O-O-O 14. b4 c6 15. bxa5 cxd5 16. axb6 axb6 17. exd5 Qf7 18. c4 Rd7 19. Qa4 Ng4 20. O-O g6 21. Qa8+ Kc7 22. Qa7+ Kc8 23. Qxb6 Rb7 24. Qc6+ Rc7 25. Qa8+ Kd7 26. Qd8# 1-0

[Event "Knighthood Blitz"]
[Site "Vishy Anand Arena"]
[Date "2020.08.01"]
[Round "4"]
[White "Kadamomm"]
[Black "Visakh"]
[Result "0-1"]
[WhiteElo "1948"]
[BlackElo "2473"]
[Annotator "TA"]
[PlyCount "154"]
[EventDate "2020.08.01"]
[EventType "swiss (blitz)"]

1. e4 e5 2. Nf3 Nc6 3. Bc4 Bc5 4. O-O Nf6 5. d3 d6 6. c3 O-O 7. Nbd2 a6 8. Re1 Ba7 9. h3 Ne7 10. Nf1 Ng6 11. Ng3 c6 12. Bb3 h6 13. d4 Re8 14. Be3 exd4 15. Bxd4 Be6 16. Bxa7 Rxa7 17. Bxe6 fxe6 18. Qd2 d5 19. Rad1 Ra8 20. exd5 exd5 21. Qd4 Qd7 22. a3 Qf7 23. Nf5 Ne4 24. Ne3 Nh4 25. Nxh4 Qxf2+ 26. Kh2 Qf4+ 27. Kg1 Qf2+ 28. Kh2 Qxh4 29. Qxg7+ Kxg7 30. Nf5+ Kh7 31. Nxh4 Re6 32. Nf3 Rae8 33. Re3 R6e7 34. Rde1 Rg7 35. Nd2 Reg8 36. R3e2 Nc5 37. Nf3 Nd3 38. Rg1 Nf4 39. Rf2 Rg3 40. Ne5 Nxh3 41. Rf7+ Kh8 42. Rgf1 Ng5 43. Rxb7 Ne4 44. Nf7+ Kg7 45. Ng5+ Kg6 46. Nxe4 Rg4 47. Nf6 Rh4+ 48. Kg3 Rd8 49. Kxh4 d4 50. cxd4 Rxd4+ 51. Ng4 Rxg4+ 52. Kxg4 h5+ 53. Kh4 a5 54. Rf4 a4 55. Re4 Kf5 56. Rbe7 c5 57. R7e5+ Kf6 58. Rg5 c4 59. Rf4+ Ke6 60. Rxh5 c3 61. Rb5 c2 62. Rc4 Kd6 63. g4 c1=Q 64. Rc2 Qxc2 65. Kh5 Qh2+ 66. Kg5 Qd2+ 67. Kh5 Qe2 68. Rb6+ Kc5 69. Rg6 Qxb2 70. Rg5+ Kd4 71. Rf5 Qxa3 72. g5 Qh3+ 73. Kg6 a3 74. Rf4+ Ke5 75. Ra4 Qd3+ 76. Kh6 Qb3 77. Kh5 Qxa4 0-1

[Event "Knighthood Blitz"]
[Site "Vishy Anand Arena"]
[Date "2020.08.01"]
[Round "4"]
[White "Tapa1964"]
[Black "Vinniethepooh"]
[Result "1/2-1/2"]
[WhiteElo "1934"]
[BlackElo "2211"]
[Annotator "NA"]
[PlyCount "105"]
[EventDate "2020.08.01"]
[EventType "swiss (blitz)"]

1. e4 c5 2. Nc3 d6 3. g3 Nc6 4. Bg2 g6 5. d3 Bg7 6. Be3 e6 7. Qd2 Nge7 8. Bh6 O-O 9. h4 Bxh6 10. Qxh6 f6 11. Qd2 h5 12. g4 hxg4 13. h5 g5 14. h6 Ne5 15. O-O-O b5 16. f4 gxf4 17. Qxf4 N7g6 18. Qg3 b4 19. Nce2 a5 20. Nf4 Nxf4 21. Qxf4 Kh7 22. Ne2 a4 23. Kb1 b3 24. Qd2 Ba6 25. Nf4 Qd7 26. d4 Nc4 27. Qe1 a3 28. cxb3 Nxb2 29. Rd2 cxd4 30. e5 d5 31. exf6 Rxf6 32. Qe5 Rf5 33. Qxe6 Qxe6 34. Nxe6 d3 35. Nc7 Ra7 36. Nxd5 Bb7 37. Be4 Bxd5 38. Bxf5+ Kh8 39. Re1 Ra8 40. Bxg4 Rg8 41. Bf5 Rd8 42. Bxd3 Nxd3 43. Rxd3 Be4 44. Rxe4 Rxd3 45. Kc2 Rh3 46. Re2 Rxh6 47. Rd2 Rh3 48. Rd3 Rh2+ 49. Rd2 Rh3 50. Rd3 Rh2+ 51. Rd2 Rh1 52. Rd1 Rh3 53. Rd3 1/2-1/2

[Event "Knighthood Blitz"]
[Site "Vishy Anand Arena"]
[Date "2020.08.01"]
[Round "4"]
[White "Gaurav306"]
[Black "Lukiano"]
[Result "0-1"]
[WhiteElo "1925"]
[BlackElo "2590"]
[Annotator "NA"]
[PlyCount "82"]
[EventDate "2020.08.01"]
[EventType "swiss (blitz)"]

1. e4 c6 2. d4 d5 3. Nc3 dxe4 4. Nxe4 Nf6 5. Ng3 h5 6. h4 Bg4 7. Be2 Nbd7 8. Nf3 g6 9. O-O Bg7 10. Ne5 Bxe2 11. Qxe2 O-O 12. Nd3 e6 13. c3 Ng4 14. Bg5 Bf6 15. Ne4 Bxg5 16. hxg5 f5 17. gxf6 Ndxf6 18. Ng5 Re8 19. f3 Nh6 20. Nf4 Nd5 21. Nfxe6 Qxg5 22. Nxg5 Rxe2 23. Rab1 Nf5 24. Ne4 Kg7 25. Rf2 Rxf2 26. Kxf2 Re8 27. g3 Nf6 28. Nc5 b6 29. Nd3 Nd7 30. Nf4 c5 31. d5 Nd6 32. b3 c4 33. Ne6+ Kh6 34. Nd4 Nf6 35. bxc4 Nxc4 36. Nb5 Nxd5 37. Nxa7 Ra8 38. Nb5 Rxa2+ 39. Kg1 Nd2 40. Rd1 Nxf3+ 41. Kf1 Ne3# 0-1

[Event "Knighthood Blitz"]
[Site "Vishy Anand Arena"]
[Date "2020.08.01"]
[Round "4"]
[White "Zokapenzioner"]
[Black "Harishankkar"]
[Result "0-1"]
[WhiteElo "1916"]
[BlackElo "2121"]
[PlyCount "76"]
[EventDate "2020.08.01"]
[EventType "swiss (blitz)"]

1. Nf3 Nf6 2. g3 b6 3. Bg2 Bb7 4. O-O c5 5. c4 e6 6. Nc3 Be7 7. Re1 Ne4 8. Nxe4 Bxe4 9. d3 Bb7 10. e4 Nc6 11. d4 cxd4 12. Nxd4 O-O 13. Be3 Rc8 14. b3 a6 15. Qd2 d6 16. Rac1 Qc7 17. Red1 Qb8 18. h3 Rfd8 19. Ne2 Ba8 20. Nd4 Bf6 21. f4 g6 22. f5 exf5 23. exf5 Ne5 24. Rf1 Bg7 25. Bh6 Bxg2 26. Kxg2 Qb7+ 27. Kh2 Bxh6 28. Qxh6 Kh8 29. Rf4 Rg8 30. f6 g5 31. Rf5 Rg6 32. Qh5 Qe4 33. Rd1 g4 34. h4 Nf3+ 35. Nxf3 Qe2+ 36. Kh1 Qxd1+ 37. Ng1 Re8 38. Rg5 Re1 0-1

[Event "Knighthood Blitz"]
[Site "Vishy Anand Arena"]
[Date "2020.08.01"]
[Round "4"]
[White "Perseus226"]
[Black "Hussaini786"]
[Result "1-0"]
[WhiteElo "1890"]
[BlackElo "1681"]
[Annotator "NA"]
[PlyCount "31"]
[EventDate "2020.08.01"]
[EventType "swiss (blitz)"]

1. d4 e6 2. Bf4 d5 3. e3 c5 4. c3 cxd4 5. exd4 Nc6 6. Nd2 Bd6 7. Bg3 Nf6 8. Ngf3 Ne4 9. Bd3 f5 10. O-O O-O 11. Re1 Bd7 12. Bxe4 fxe4 13. Bxd6 exf3 14. Bxf8 Qxf8 15. Nxf3 Qd6 16. Ne5 1-0

[Event "Knighthood Blitz"]
[Site "Vishy Anand Arena"]
[Date "2020.08.01"]
[Round "4"]
[White "Anandfan"]
[Black "Pranav_vip"]
[Result "0-1"]
[WhiteElo "1854"]
[BlackElo "2398"]
[PlyCount "64"]
[EventDate "2020.08.01"]
[EventType "swiss (blitz)"]

1. d4 Nf6 2. Nc3 d5 3. Bg5 e6 4. e4 Bb4 5. e5 h6 6. Bd2 Bxc3 7. bxc3 Ne4 8. Bd3 Nxd2 9. Qxd2 c5 10. Bb5+ Nc6 11. Ne2 O-O 12. O-O Bd7 13. a4 Rc8 14. f4 f5 15. Rfb1 Na5 16. Nc1 Bxb5 17. Rxb5 Nc4 18. Qe2 b6 19. Nd3 cxd4 20. cxd4 Na5 21. Rab1 Rc4 22. R5b4 Nc6 23. Rxc4 dxc4 24. Nf2 Qxd4 25. g3 Qc5 26. Kg2 Nd4 27. Qh5 Qc6+ 28. Kh3 Nxc2 29. Rd1 Ne3 30. Rd6 Qg2+ 31. Kh4 Qxh2+ 32. Nh3 Ng2# 0-1

[Event "Knighthood Blitz"]
[Site "Vishy Anand Arena"]
[Date "2020.08.01"]
[Round "4"]
[White "Fire_on_board"]
[Black "Position"]
[Result "1-0"]
[WhiteElo "1854"]
[BlackElo "2101"]
[PlyCount "91"]
[EventDate "2020.08.01"]
[EventType "swiss (blitz)"]

1. e4 c5 2. Nf3 e6 3. d4 cxd4 4. Nxd4 a6 5. Nc3 Qc7 6. f4 d6 7. Be3 Nc6 8. Qd2 b5 9. O-O-O Nf6 10. a3 Bb7 11. Bd3 Be7 12. h3 Nd7 13. g4 Nc5 14. Kb1 Na5 15. g5 Nc4 16. Bxc4 bxc4 17. f5 Bxe4 18. Nxe4 Nxe4 19. Qg2 Qb7 20. Ka1 Rb8 21. Rb1 e5 22. f6 Bf8 23. fxg7 Bxg7 24. Nf5 O-O 25. h4 d5 26. h5 Qd7 27. Qh3 Rb7 28. h6 Bh8 29. Bc5 Nxc5 30. Qe3 d4 31. Qf3 e4 32. Qf4 Ne6 33. Qg4 c3 34. b4 Qa4 35. Rb3 d3 36. g6 fxg6 37. Nh4 Qc6 38. Nxg6 Kf7 39. Rf1+ Ke8 40. Nxf8 Nxf8 41. Qg8 Qxh6 42. Qxh8 d2 43. Rxc3 Rf7 44. Qe5+ Qe6 45. Rc8+ Kd7 46. Qc7# 1-0

[Event "Knighthood Blitz"]
[Site "Vishy Anand Arena"]
[Date "2020.08.01"]
[Round "4"]
[White "samjrao"]
[Black "Ambitious"]
[Result "0-1"]
[WhiteElo "1821"]
[BlackElo "2164"]
[PlyCount "106"]
[EventDate "2020.08.01"]
[EventType "swiss (blitz)"]

1. d4 Nf6 2. Bf4 g6 3. e3 Bg7 4. Nf3 O-O 5. Be2 d6 6. O-O Nbd7 7. h3 b6 8. c4 Bb7 9. Nc3 Re8 10. Bg3 e5 11. dxe5 dxe5 12. e4 Nxe4 13. Bh4 Nxc3 14. bxc3 Bf6 15. Bxf6 Nxf6 16. Qb3 Ne4 17. Rad1 Qe7 18. Rfe1 Nc5 19. Qc2 Rad8 20. Rxd8 Rxd8 21. Rd1 Rxd1+ 22. Qxd1 Kg7 23. Nd2 Qd6 24. Nb3 Qxd1+ 25. Bxd1 Na4 26. Bc2 Nxc3 27. a3 Ne2+ 28. Kf1 Nf4 29. f3 Ba6 30. Nd2 f5 31. Bb3 Kf6 32. Kf2 Nd3+ 33. Ke3 Nc5 34. Ba2 g5 35. g3 h5 36. h4 gxh4 37. gxh4 Bc8 38. f4 exf4+ 39. Kxf4 Bb7 40. Nf1 Ne6+ 41. Ke3 Ke5 42. a4 Nc5 43. Kf2 Nxa4 44. Ng3 Nc3 45. Nxh5 Nxa2 46. Ng7 Nc3 47. h5 Ne4+ 48. Ke3 f4+ 49. Ke2 Ng5 50. Kf2 a5 51. h6 a4 52. Ne8 a3 53. Nxc7 a2 0-1

[Event "Knighthood Blitz"]
[Site "Vishy Anand Arena"]
[Date "2020.08.01"]
[Round "4"]
[White "Rahulraj"]
[Black "Skkeyan"]
[Result "0-1"]
[WhiteElo "1820"]
[BlackElo "2158"]
[PlyCount "82"]
[EventDate "2020.08.01"]
[EventType "swiss (blitz)"]

1. d4 d5 2. Bf4 c5 3. c3 Nc6 4. e3 Nf6 5. Bd3 Qb6 6. Qe2 c4 7. Bxc4 dxc4 8. Na3 Bf5 9. Nxc4 Qa6 10. Nf3 h6 11. b4 Nd5 12. b5 Qa4 13. bxc6 Qxc6 14. Kf1 Nxc3 15. Nce5 Nxe2 16. Nxc6 Nxf4 17. Nxe7 Bd3+ 18. Ke1 Nxg2+ 19. Kd2 Be4 20. Ne5 Bxe7 21. Rhg1 Nh4 22. Rg4 Nf3+ 23. Nxf3 Bxf3 24. Rf4 Bc6 25. Rc1 O-O 26. Rg4 Rac8 27. Rcg1 Bf6 28. Rf4 Rfe8 29. Rxf6 Bd5 30. Rd6 Bxa2 31. Rd7 Be6 32. Rxb7 Ra8 33. Rc7 Rec8 34. Rgc1 Rxc7 35. Rxc7 a5 36. e4 a4 37. d5 a3 38. dxe6 a2 39. exf7+ Kf8 40. Rc1 a1=Q 41. Rxa1 Rxa1 0-1

[Event "Knighthood Blitz"]
[Site "Vishy Anand Arena"]
[Date "2020.08.01"]
[Round "4"]
[White "Twobrothers"]
[Black "Setumadhav"]
[Result "1-0"]
[WhiteElo "1791"]
[BlackElo "1749"]
[Annotator "NA"]
[PlyCount "85"]
[EventDate "2020.08.01"]
[EventType "swiss (blitz)"]

1. e4 c5 2. d4 cxd4 3. c3 Nf6 4. e5 Nd5 5. Nf3 e6 6. cxd4 d6 7. Bc4 Nc6 8. O-O Be7 9. Nbd2 O-O 10. Ne4 dxe5 11. dxe5 Nb6 12. Bb3 Qxd1 13. Rxd1 Bd7 14. Be3 Rad8 15. a4 Na5 16. Bc2 Nac4 17. Bd4 Bc6 18. b3 Na3 19. Bd3 Nd5 20. Nd6 Rxd6 21. exd6 Bxd6 22. Ne5 Rd8 23. Nxc6 bxc6 24. Bb2 Nf4 25. Bxa3 Nxd3 26. Bxd6 Rxd6 27. Kf1 Kf8 28. Rd2 e5 29. Re1 Rd5 30. Re3 Nc5 31. Rxd5 cxd5 32. Rxe5 Nxb3 33. Rxd5 Ke7 34. Rb5 Nd2+ 35. Ke2 Nc4 36. Rb7+ Ke6 37. Rxa7 Nd6 38. a5 Nb5 39. Rb7 Nd6 40. Rb6 Kd7 41. a6 Nc8 42. Rb7+ Kc6 43. Rxf7 1-0

[Event "Knighthood Blitz"]
[Site "Vishy Anand Arena"]
[Date "2020.08.01"]
[Round "4"]
[White "Padmaesh M K"]
[Black "lsr"]
[Result "0-1"]
[WhiteElo "1757"]
[BlackElo "2146"]
[PlyCount "174"]
[EventDate "2020.08.01"]
[EventType "swiss (blitz)"]

1. Nf3 d6 2. d4 Nf6 3. Bf4 g6 4. e3 Bg7 5. Bd3 O-O 6. Nbd2 Nbd7 7. h4 h5 8. c3 e5 9. Bg5 Qe8 10. Qc2 c6 11. e4 Ng4 12. O-O f6 13. Bc4+ Kh7 14. Be3 Nb6 15. Bd3 Kh8 16. Nc4 Nxc4 17. Bxc4 Be6 18. Bd3 d5 19. exd5 cxd5 20. Bxg6 Bf7 21. Bf5 e4 22. Nh2 Be6 23. Bxe6 Qxe6 24. g3 Rg8 25. Nxg4 Qxg4 26. Qd1 Bf8 27. Qxg4 Rxg4 28. Kh2 Bd6 29. Rac1 Rxh4+ 30. Kg2 Rg4 31. Rh1 h4 32. Rxh4+ Rxh4 33. gxh4 Rg8+ 34. Kh3 Kh7 35. c4 dxc4 36. Rxc4 f5 37. Bg5 f4 38. d5 Re8 39. Rc3 Kg6 40. Rb3 b6 41. Kg4 Kf7 42. Rc3 Be5 43. Rc2 e3 44. fxe3 fxe3 45. Bxe3 Bxb2 46. Rc7+ Kg8 47. Kh5 Rxe3 48. Rxa7 Rg3 49. Ra8+ Kh7 50. Ra7+ Bg7 51. Rb7 Rd3 52. Rxb6 Rxd5+ 53. Kg4 Ra5 54. Rb7 Ra4+ 55. Kh3 Rxa2 56. Kg4 Ra4+ 57. Kh5 Ra5+ 58. Kg4 Kg6 59. Rb6+ Bf6 60. h5+ Kf7 61. h6 Rg5+ 62. Kf4 Rh5 63. h7 Rxh7 64. Rb7+ Be7 65. Kg4 Rh6 66. Rc7 Re6 67. Kf5 Rf6+ 68. Ke4 Ke6 69. Rc6+ Bd6 70. Rc2 Rh6 71. Kd3 Rh3+ 72. Kc4 Rh5 73. Kb3 Kd7 74. Rc3 Re5 75. Rd3 Rb5+ 76. Kc2 Rb6 77. Kd2 Rc6 78. Ke3 Ra6 79. Rxd6+ Kxd6 80. Ke4 Ra5 81. Kf4 Rc5 82. Ke3 Ke6 83. Kf4 Rd5 84. Ke4 Re5+ 85. Kf4 Kd6 86. Kg4 Kd5 87. Kf4 Ke6 0-1

[Event "Knighthood Blitz"]
[Site "Vishy Anand Arena"]
[Date "2020.08.01"]
[Round "4"]
[White "F Manish Anto Cristiano"]
[Black "prasanthkp1"]
[Result "1-0"]
[WhiteElo "1751"]
[BlackElo "1207"]
[Annotator "NA"]
[PlyCount "67"]
[EventDate "2020.08.01"]
[EventType "swiss (blitz)"]

1. e4 e6 2. d4 c5 3. d5 exd5 4. exd5 Ne7 5. Nf3 b5 6. d6 Nf5 7. Qe2+ Be7 8. dxe7 Nxe7 9. Bg5 f6 10. Bf4 O-O 11. Qxb5 Nbc6 12. Bd3 Rb8 13. Bxb8 Re8 14. O-O Nd5 15. Bc4 Nce7 16. Qxc5 Bb7 17. Bd6 Qc8 18. Bxe7 Qxc5 19. Bxc5 Rc8 20. b4 a5 21. a3 axb4 22. axb4 d6 23. Ra7 Rc7 24. Rxb7 Rxb7 25. Bxd5+ Kf8 26. Bxd6+ Ke8 27. Bxb7 Kd7 28. Bc5 Kc7 29. Bd5 Kd8 30. b5 Ke8 31. b6 g5 32. b7 Kd8 33. b8=Q+ Kd7 34. Re1 1-0

[Event "Knighthood Blitz"]
[Site "Vishy Anand Arena"]
[Date "2020.08.01"]
[Round "4"]
[White "Sairam Ramabadra"]
[Black "theraisingsun"]
[Result "1/2-1/2"]
[WhiteElo "1721"]
[BlackElo "1546"]
[Annotator "NA"]
[PlyCount "96"]
[EventDate "2020.08.01"]
[EventType "swiss (blitz)"]

1. e4 b6 2. d4 Bb7 3. Bd3 g6 4. Nf3 Bg7 5. O-O e6 6. c4 Ne7 7. Nc3 O-O 8. Qe2 f5 9. e5 a5 10. b3 Na6 11. a3 c6 12. Ne1 c5 13. d5 exd5 14. cxd5 Kh8 15. Bb2 Nxd5 16. Nxd5 Bxd5 17. Bxa6 Bxb3 18. Bc4 Ba4 19. f4 Bc6 20. Nf3 d6 21. Ng5 dxe5 22. fxe5 Qxg5 23. e6 Rae8 24. Bxg7+ Kxg7 25. Qe5+ Rf6 26. Rf2 b5 27. Qc7+ Kf8 28. Qxc6 bxc4 29. Qxc5+ Kg7 30. Re1 Rfxe6 31. Qd4+ Kh6 32. Ref1 Re4 33. Qd7 R8e7 34. Qd8 Qe3 35. Qf8+ Kh5 36. h3 Rf4 37. g4+ Kg5 38. h4+ Kxg4 39. Qxe7 Qxe7 40. Rxf4+ Kh5 41. Rxc4 Qe3+ 42. Rf2 Qg3+ 43. Rg2 Qe1+ 44. Kh2 Qe5+ 45. Kg1 Qe3+ 46. Kh2 Qe5+ 47. Kg1 Qa1+ 48. Kh2 Qe5+ 1/2-1/2

[Event "Knighthood Blitz"]
[Site "Vishy Anand Arena"]
[Date "2020.08.01"]
[Round "4"]
[White "Mandy64theking"]
[Black "Rakeshkul"]
[Result "0-1"]
[WhiteElo "1686"]
[BlackElo "1642"]
[Annotator "NA"]
[PlyCount "78"]
[EventDate "2020.08.01"]
[EventType "swiss (blitz)"]

1. e4 e6 2. d4 d5 3. Nc3 Nf6 4. Bg5 Be7 5. e5 Ne4 6. Nxe4 Bxg5 7. Nxg5 Qxg5 8. Nf3 Qg4 9. h3 Qe4+ 10. Be2 Nc6 11. O-O Bd7 12. c3 O-O-O 13. g3 Qg6 14. Kg2 f5 15. exf6 gxf6 16. Nh4 Qg7 17. f4 Rdg8 18. Rf3 Qh6 19. Bd3 Qxh4 20. b4 f5 21. b5 Ne7 22. a4 Qh6 23. a5 Ng6 24. b6 cxb6 25. axb6 axb6 26. c4 Nxf4+ 27. Rxf4 Qxf4 28. Qe1 Qb8 29. cxd5 Kd8 30. dxe6 Bxe6 31. Ra3 Bd5+ 32. Kh2 Rg7 33. Bxf5 Rhg8 34. Re3 Qd6 35. Qc1 Bc6 36. Qe1 Bd7 37. Bxd7 Qxd7 38. g4 Qd6+ 39. Kh1 Qd5+ 0-1

[Event "Knighthood Blitz"]
[Site "Vishy Anand Arena"]
[Date "2020.08.01"]
[Round "4"]
[White "Sidba"]
[Black "suresh agarwal"]
[Result "1-0"]
[WhiteElo "1683"]
[BlackElo "1507"]
[Annotator "NA"]
[PlyCount "39"]
[EventDate "2020.08.01"]
[EventType "swiss (blitz)"]

1. e4 e5 2. Nf3 Nf6 3. Nxe5 Qe7 4. Nf3 Nxe4 5. Qe2 Nc6 6. d3 Nf6 7. Qxe7+ Bxe7 8. Nc3 O-O 9. Be3 d6 10. O-O-O Bg4 11. Be2 d5 12. h3 Bh5 13. g4 Bg6 14. g5 Ne8 15. Nxd5 Bd8 16. h4 f6 17. h5 Bf7 18. Nc3 fxg5 19. Bxg5 Bxg5+ 20. Nxg5 1-0

[Event "Knighthood Blitz"]
[Site "Vishy Anand Arena"]
[Date "2020.08.01"]
[Round "4"]
[White "Vamsidasarik"]
[Black "Beastmaari"]
[Result "0-1"]
[WhiteElo "1668"]
[BlackElo "1725"]
[Annotator "NA"]
[PlyCount "94"]
[EventDate "2020.08.01"]
[EventType "swiss (blitz)"]

1. g3 c6 2. Bg2 e5 3. b3 d6 4. Bb2 Be6 5. e3 Nd7 6. Ne2 Ngf6 7. O-O Be7 8. d3 Qc7 9. Nd2 h5 10. c4 h4 11. d4 exd4 12. Nxd4 hxg3 13. hxg3 O-O-O 14. Nxe6 fxe6 15. Nf3 Rde8 16. Nd4 Bd8 17. Qc2 Kb8 18. b4 e5 19. Nf5 g6 20. Nh4 Rxh4 21. gxh4 e4 22. Bxf6 Bxf6 23. Rad1 Bxh4 24. Bxe4 Ne5 25. b5 Qe7 26. Qe2 Rh8 27. f4 Ng4 28. Qxg4 Qxe4 29. Qg2 Qxe3+ 30. Rf2 Bxf2+ 31. Qxf2 Rh1+ 32. Kxh1 Qxf2 33. Rxd6 Qxf4 34. Rd8+ Kc7 35. Rh8 g5 36. bxc6 Kxc6 37. Rh7 Kc5 38. Rh5 Qf3+ 39. Kg1 Qxh5 40. Kf2 Kd4 41. Kg3 Qh4+ 42. Kg2 Qf4 43. Kg1 g4 44. Kg2 g3 45. Kh3 Qf3 46. Kh4 g2 47. Kg5 g1=Q+ 0-1

[Event "Knighthood Blitz"]
[Site "Vishy Anand Arena"]
[Date "2020.08.01"]
[Round "4"]
[White "KingBuda"]
[Black "Whitefalcon"]
[Result "1-0"]
[WhiteElo "1661"]
[BlackElo "2028"]
[PlyCount "89"]
[EventDate "2020.08.01"]
[EventType "swiss (blitz)"]

1. d4 Nf6 2. Nf3 g6 3. Bf4 Bg7 4. c4 d6 5. Nc3 O-O 6. e3 Nh5 7. Bg5 Bf6 8. Bxf6 Nxf6 9. Be2 Nbd7 10. O-O e5 11. b4 exd4 12. exd4 Re8 13. Re1 Ne4 14. Nxe4 Rxe4 15. Bd3 Rxe1+ 16. Qxe1 Nf6 17. h3 Bd7 18. Qd2 Qf8 19. Qg5 Kg7 20. Re1 Re8 21. Re3 h6 22. Qf4 Nh5 23. Qh4 Rxe3 24. fxe3 Qe8 25. e4 Nf6 26. e5 Nh7 27. Qf4 Bc6 28. d5 Bd7 29. c5 dxe5 30. Nxe5 f5 31. Kh2 g5 32. Qd4 Nf6 33. b5 Bxb5 34. Bxf5 Qe7 35. d6 cxd6 36. cxd6 Qd8 37. d7 Kf8 38. Qd6+ Kg7 39. Qd4 Kf8 40. Qc5+ Kg7 41. Qxb5 b6 42. Qd3 h5 43. Qd4 Kh6 44. Qd6 Kg7 45. Nc6 1-0

[Event "Knighthood Blitz"]
[Site "Vishy Anand Arena"]
[Date "2020.08.01"]
[Round "4"]
[White "Chess1311"]
[Black "Devil1234"]
[Result "0-1"]
[WhiteElo "1651"]
[BlackElo "2430"]
[Annotator "NA"]
[PlyCount "104"]
[EventDate "2020.08.01"]
[EventType "swiss (blitz)"]

1. d4 Nf6 2. Nf3 g6 3. c4 Bg7 4. Nc3 O-O 5. e4 d6 6. Be2 Qe8 7. O-O e5 8. d5 a5 9. Bg5 Na6 10. a3 Bd7 11. Qd2 Nc5 12. Bd3 Nb3 13. Qe2 Nxa1 14. Bxf6 Bxf6 15. Rxa1 Bg7 16. Qe1 a4 17. Qd1 Qe7 18. b3 axb3 19. Qxb3 b6 20. Nb5 Qd8 21. a4 f5 22. Nd2 Bh6 23. Nf1 f4 24. f3 g5 25. h3 Bg7 26. Nh2 h5 27. Qd1 Bf6 28. Qe1 Ra5 29. Be2 Kg7 30. Kh1 Be8 31. Kg1 Qe7 32. Kh1 Bg6 33. Ra2 Rfa8 34. Bd1 g4 35. fxg4 Bh4 36. Qe2 hxg4 37. Nxg4 Bg3 38. Nh2 Rh8 39. Qg4 Raa8 40. Kg1 Rh4 41. Qf3 Bh5 42. Qf1 Bxd1 43. Qxd1 Bxh2+ 44. Kxh2 Kh6 45. Qf3 Qg7 46. Nc3 Rh5 47. Nd1 Rg5 48. Qf1 Rg3 49. Qg1 Kg5 50. Nf2 Qd7 51. Ng4 Qxg4 52. hxg4 Rh8# 0-1

[Event "Knighthood Blitz"]
[Site "Vishy Anand Arena"]
[Date "2020.08.01"]
[Round "4"]
[White "Varun_nair"]
[Black "Dr_Deep_Chesh"]
[Result "1-0"]
[WhiteElo "1651"]
[BlackElo "1496"]
[Annotator "NA"]
[PlyCount "81"]
[EventDate "2020.08.01"]
[EventType "swiss (blitz)"]

1. d4 Nf6 2. Nf3 e6 3. Bf4 d5 4. e3 Bd6 5. Bg3 c6 6. Nbd2 O-O 7. c3 Qe7 8. Bd3 Nbd7 9. Ne5 b5 10. a3 Bb7 11. O-O Nb6 12. Qc2 h6 13. f4 Rfd8 14. Bh4 Rdc8 15. Rf3 Rc7 16. b4 Nbd7 17. Rg3 Qf8 18. Nxd7 Nxd7 19. f5 Bxg3 20. Bxg3 Rcc8 21. fxe6 fxe6 22. Rf1 Qe7 23. Bh7+ Kh8 24. Qg6 Rf8 25. Rxf8+ Rxf8 26. Nf3 Qf6 27. Qxf6 Nxf6 28. Bd3 Re8 29. Ne5 a6 30. Nf7+ Kg8 31. Nd6 Re7 32. Nxb7 Rxb7 33. Be5 Kf7 34. Bxf6 Kxf6 35. Kf2 Rf7 36. Ke2 Ke7 37. g3 Kd6 38. Bg6 Rf6 39. Bd3 Rf8 40. Ke1 Ra8 41. h4 1-0

[Event "Knighthood Blitz"]
[Site "Vishy Anand Arena"]
[Date "2020.08.01"]
[Round "4"]
[White "ABCD64"]
[Black "ilamparthi"]
[Result "0-1"]
[WhiteElo "1642"]
[BlackElo "2050"]
[Annotator "NA"]
[PlyCount "44"]
[EventDate "2020.08.01"]
[EventType "swiss (blitz)"]

1. d4 Nf6 2. c4 e6 3. Nc3 Bb4 4. e3 O-O 5. Bd2 c5 6. a3 Bxc3 7. Bxc3 Ne4 8. Rc1 Nc6 9. Nf3 d6 10. Bd3 f5 11. O-O Nxc3 12. Rxc3 e5 13. dxe5 dxe5 14. Bb1 e4 15. Qxd8 Rxd8 16. Ne1 Be6 17. Nc2 Rd2 18. Ba2 Rad8 19. b4 R8d3 20. Rxd3 exd3 21. Ne1 Rxa2 22. Nxd3 Bxc4 0-1